Science, Research and Innovation Performance of the EU 2020 A fair, green and digital Europe

Detalles Bibliográficos
Formato: eBook
Lenguaje:inglés
Publicado: Bruselas: European Union Publications Office, 2020
Materias:
Acceso en línea:Acceso restringido

MARC

LEADER 00000nam a22000007a 4500
005 2021082604344.0
007 cr|||| ||||
008 210826s2020 eu |||||s|||| 00||0 eng d
020 |a 978-92-76-17772-2 
035 |a 34331 
040 |a vLex 
090 |c 12133  |d 12133 
245 0 0 |a Science, Research and Innovation Performance of the EU 2020  |h [Recurso electrn̤ico] :  |b A fair, green and digital Europe 
256 |a Servicio en ln̕ea 
260 |a Bruselas:  |b European Union Publications Office,  |c 2020 
300 |a 1 recurso electrn̤ico 
500 |a The "Science, Research and Innovation performance of the EU, 2020" (SRIP) analyses Europe’s performance dynamics in science, research and innovation and its drivers, in a global context. The Report combines a thorough indicator based macroeconomic analysis with deep analytical research dives into hot policy topics. The aim of the Report is to build a robust narrative that speaks to an audience of both Research and Innovation and Economics and Finance policy-makers and analysts. This is a flagship biennial publication by the European Commission’s Directorate-General for Research & Innovation that draws on a long tradition of indicators and economic analyses. It is the third edition in this report series. 
506 1 |a Disponible solo en los productos indicados  |d vLex Global  |d vLex Global (Academic Edition, excluding Law Schools)  |d vLex Global (U.S. Academic Edition, Law Schools)  |d vLex Global (U.S. Academic Edition, excluding Law Schools)  |d vLex Global (Academic Edition, Law Schools) 
650 0 4 |a Derecho Pb︢lico y Administrativo  |z Unin̤ Europea 
740 0 |a vLex Libros (Servicio en ln̕ea) 
856 4 0 |u https://app.vlex.com/#/sources/34331  |z Acceso restringido 
942 |c BOOK 
999 0 |a Public and Administrative Law